[Event "Titled Tuesday intern op 25th Apr Early"]
[Site "Chess.com INT"]
[Date "2023.04.25"]
[Round "2"]
[White "Tymrakiewicz, Rafal"]
[Black "Rendle, Thomas E"]
[Result "1/2-1/2"]
[WhiteElo "2145"]
[BlackElo "2375"]
[PlyCount "69"]
[EventDate "2023.04.25"]
[EventType "swiss (blitz)"]
[EventRounds "11"]
[EventCountry "USA"]
[SourceTitle "EXT 2024"]
[Source "ChessBase"]
[SourceDate "2023.10.10"]
[SourceVersion "1"]
[SourceVersionDate "2023.10.10"]
[SourceQuality "1"]

1. e4 e6 2. d4 d5 3. e5 Ne7 4. Bd3 b6 5. Qe2 a5 6. f4 Ba6 7. Bxa6 Nxa6 8. Nf3 c5 9. 0-0 Nc6 10. Be3 cxd4 11. Nxd4 Nxd4 12. Bxd4 Bc5 13. c3 f5 14. exf6 Qxf6 15. Qb5+ Kf7 16. f5 exf5 17. Qd7+ Kg6 18. Nd2 Rad8 19. Qb7 Bxd4+ 20. cxd4 Qxd4+ 21. Rf2 Nb4 22. Nf3 Qf6 23. Raf1 Nd3 24. Nh4+ Qxh4 25. Rxf5 Rhf8 26. Qxb6+ Rf6 27. Rxf6+ gxf6 28. g3 Qe4 29. Qxf6+ Kh5 30. Qf7+ Kg4 31. Qg7+ Qg6 32. Qd4+ Qe4 33. Qg7+ Qg6 34. Qd4+ Qe4 35. Qg7+ 1/2-1/2

[Event "Titled Tuesday intern op 11th Apr Early"]
[Site "Chess.com INT"]
[Date "2023.04.11"]
[Round "5"]
[White "Makarian, Rudik"]
[Black "Rendle, Thomas E"]
[Result "1-0"]
[WhiteElo "2547"]
[BlackElo "2375"]
[PlyCount "77"]
[EventDate "2023.04.11"]
[EventType "swiss (blitz)"]
[EventRounds "11"]
[EventCountry "USA"]
[SourceTitle "CBM 213 Extra"]
[Source "ChessBase"]
[SourceDate "2023.05.31"]
[SourceVersion "1"]
[SourceVersionDate "2023.05.31"]
[SourceQuality "1"]

1. d4 e6 2. Nf3 f5 3. c4 Nf6 4. Nc3 d5 5. Bf4 Bd6 6. e3 0-0 7. Bd3 c6 8. 0-0 Ne4 9. Qc2 b6 10. Qb3 Bb7 11. cxd5 cxd5 12. Ne2 Nc6 13. Rfc1 Rc8 14. h4 Na5 15. Qd1 Be7 16. h5 Nc4 17. Rab1 g5 18. hxg6 hxg6 19. Ne5 Kg7 20. b3 Ncd6 21. Rxc8 Qxc8 22. Rc1 Qd8 23. f3 Nf6 24. Bg5 Nh5 25. Nf4 Nxf4 26. Bxf4 Bg5 27. Bxg5 Qxg5 28. Rc7+ Kg8 29. f4 Qg3 30. Qf3 Qe1+ 31. Kh2 Rc8 32. Rxc8+ Bxc8 33. Nxg6 Ne4 34. Bxe4 dxe4 35. Qh3 Ba6 36. Qh8+ Kf7 37. Ne5+ Ke7 38. Qg7+ Kd6 39. Qd7# 1-0

[Event "Titled Tuesday intern op 11th Apr Early"]
[Site "Chess.com INT"]
[Date "2023.04.11"]
[Round "1"]
[White "Marcziter, Dmitrii"]
[Black "Rendle, Thomas E"]
[Result "1-0"]
[WhiteElo "2233"]
[BlackElo "2375"]
[PlyCount "115"]
[EventDate "2023.04.11"]
[EventType "swiss (blitz)"]
[EventRounds "11"]
[EventCountry "USA"]
[SourceTitle "CBM 213 Extra"]
[Source "ChessBase"]
[SourceDate "2023.05.31"]
[SourceVersion "1"]
[SourceVersionDate "2023.05.31"]
[SourceQuality "1"]

1. e4 e6 2. d4 d5 3. e5 c5 4. c3 Nc6 5. Nf3 Qb6 6. a3 c4 7. Nbd2 Na5 8. Rb1 Bd7 9. b4 cxb3 10. c4 Ba4 11. Bb2 dxc4 12. Nxc4 Nxc4 13. Bxc4 Rc8 14. Qd3 Ne7 15. 0-0 Nc6 16. Rfc1 Be7 17. d5 exd5 18. Qxd5 0-0 19. Qe4 Rcd8 20. Bd3 Rxd3 21. Qxd3 Rd8 22. Qe4 Qa6 23. Rd1 Re8 24. h4 Bb5 25. Ng5 Bxg5 26. hxg5 Be2 27. Rd2 Bh5 28. Re1 Qa5 29. Rd5 Qb6 30. Qe3 Qa6 31. Qxb3 Bg4 32. Qe3 Be6 33. Rd2 Qb5 34. Red1 Na5 35. Rd8 Nc4 36. Rxe8+ Qxe8 37. Qd4 Nxb2 38. Qxb2 h6 39. gxh6 gxh6 40. Qxb7 Qa4 41. Rd8+ Kh7 42. Qb8 Qf4 43. Rh8+ Kg6 44. Qg8+ Kh5 45. Qg3 Qxg3 46. fxg3 a6 47. Ra8 Bc4 48. Kf2 Kg5 49. Ke3 Kg4 50. Rg8+ Kf5 51. Kd4 Bf1 52. g4+ Kf4 53. Rg7 Bxg2 54. Rxf7+ Kxg4 55. e6 Bc6 56. e7 h5 57. Rf8 h4 58. e8Q 1-0

[Event "Titled Tuesday intern op 11th Apr Early"]
[Site "Chess.com INT"]
[Date "2023.04.11"]
[Round "8"]
[White "Rendle, Thomas E"]
[Black "Keymer, Vincent"]
[Result "1-0"]
[WhiteElo "2375"]
[BlackElo "2700"]
[PlyCount "93"]
[EventDate "2023.04.11"]
[EventType "swiss (blitz)"]
[EventRounds "11"]
[EventCountry "USA"]
[SourceTitle "CBM 213 Extra"]
[Source "ChessBase"]
[SourceDate "2023.05.31"]
[SourceVersion "1"]
[SourceVersionDate "2023.05.31"]
[SourceQuality "1"]

1. e4 c6 2. d4 d5 3. exd5 cxd5 4. Nf3 Nc6 5. Ne5 a6 6. c3 Bf5 7. Bf4 e6 8. Nd2 Bd6 9. Qf3 Nf6 10. h3 Qc7 11. g4 Nxe5 12. Bxe5 Be4 13. Nxe4 dxe4 14. Bxd6 Qxd6 15. Qe3 Qb6 16. 0-0-0 Rc8 17. g5 Nd5 18. Qxe4 Qa5 19. Bd3 Qxa2 20. Bb1 Qa5 21. h4 Kd7 22. Rh3 g6 23. Rf3 Rhf8 24. Qe5 Qc7 25. Qg7 Kc6 26. Qxh7 Kb6 27. Qg7 Ka7 28. Qe5 Qb6 29. Ba2 Nb4 30. Bb3 Rc7 31. Kb1 Nc6 32. Qd6 Rd8 33. Qc5 Qxc5 34. dxc5 Rxd1+ 35. Bxd1 Ne5 36. Rf6 Re7 37. b4 a5 38. h5 gxh5 39. Bxh5 axb4 40. cxb4 Kb8 41. Kc2 Kc7 42. f4 Nc6 43. Rxf7 Nxb4+ 44. Kb3 Nd5 45. g6 Kd8 46. g7 Re8 47. Rf8 1-0

[Event "Titled Tuesday intern op 11th Apr Early"]
[Site "Chess.com INT"]
[Date "2023.04.11"]
[Round "9"]
[White "Rendle, Thomas E"]
[Black "Siva, Mahadevan"]
[Result "0-1"]
[WhiteElo "2375"]
[BlackElo "2349"]
[PlyCount "62"]
[EventDate "2023.04.11"]
[EventType "swiss (blitz)"]
[EventRounds "11"]
[EventCountry "USA"]
[SourceTitle "CBM 213 Extra"]
[Source "ChessBase"]
[SourceDate "2023.05.31"]
[SourceVersion "1"]
[SourceVersionDate "2023.05.31"]
[SourceQuality "1"]

1. e4 c5 2. Be2 Nc6 3. f4 g6 4. Nf3 Bg7 5. 0-0 e6 6. d3 Nge7 7. c3 0-0 8. Na3 b6 9. Nc2 d5 10. Qe1 Ba6 11. e5 d4 12. c4 Bb7 13. a3 a5 14. Rb1 a4 15. b4 axb3 16. Rxb3 Na5 17. Rb2 Bc6 18. Qh4 Nf5 19. Qxd8 Rfxd8 20. Rxb6 Rdb8 21. Rxb8+ Rxb8 22. Bd2 Rb2 23. Bxa5 Rxc2 24. Bd1 Ra2 25. Bb6 Ne3 26. Bxc5 Rxg2+ 27. Kh1 Ra2 28. Kg1 Rg2+ 29. Kh1 Rg4 30. h3 Rg3 31. Bxd4 Nxf1 0-1

[Event "Titled Tuesday intern op 11th Apr Early"]
[Site "Chess.com INT"]
[Date "2023.04.11"]
[Round "4"]
[White "Sai, Han Thiha"]
[Black "Rendle, Thomas E"]
[Result "0-1"]
[WhiteElo "2070"]
[BlackElo "2375"]
[PlyCount "122"]
[EventDate "2023.04.11"]
[EventType "swiss (blitz)"]
[EventRounds "11"]
[EventCountry "USA"]
[SourceTitle "CBM 213 Extra"]
[Source "ChessBase"]
[SourceDate "2023.05.31"]
[SourceVersion "1"]
[SourceVersionDate "2023.05.31"]
[SourceQuality "1"]

1. d4 e6 2. c4 f5 3. Nf3 Nf6 4. Nc3 d5 5. Bf4 c6 6. e3 Be7 7. Bd3 0-0 8. 0-0 Ne4 9. h3 Nd7 10. Rc1 Ndf6 11. Bh2 Bd7 12. Ne2 g5 13. Ne5 Be8 14. f3 Nd6 15. Qb3 Qb6 16. c5 Qxb3 17. axb3 Nf7 18. b4 a6 19. Ra1 Nxe5 20. dxe5 Nd7 21. Nd4 Bf7 22. g4 fxg4 23. fxg4 a5 24. Rxa5 Rxa5 25. bxa5 Nxc5 26. Bc2 Ra8 27. b4 Nd7 28. Bxh7+ Kg7 29. Bf5 Nf8 30. Bxe6 Nxe6 31. Nf5+ Kf8 32. Nh6 Bxb4 33. Nxf7 Ke7 34. Nd6 Nd8 35. Rf5 Rxa5 36. Rxg5 Ra1+ 37. Kg2 Ra2+ 38. Kg3 Be1+ 39. Kf4 Ne6+ 40. Kf5 Nxg5 41. Bf4 Nxh3 42. g5 Rf2 43. Nxb7 d4 44. Ke4 dxe3 45. Bxe3 Rg2 46. Nd6 Nxg5+ 47. Kf4 Ne6+ 48. Kf3 Ra2 49. Nf5+ Kd7 50. Nd6 Bd2 51. Ke4 Bxe3 52. Kxe3 Ra5 53. Ke4 Ra4+ 54. Kf5 Rf4+ 55. Kg6 Nd4 56. Kg5 Rf1 57. Ne4 Ke6 58. Nc5+ Kxe5 59. Nd3+ Kd5 60. Nb4+ Kc4 61. Nd3 Kxd3 0-1

[Event "Titled Tuesday intern op 28th Mar Early"]
[Site "Chess.com INT"]
[Date "2023.03.28"]
[Round "9"]
[White "Ljukin, Sergei"]
[Black "Rendle, Thomas E"]
[Result "1-0"]
[WhiteElo "2362"]
[BlackElo "2379"]
[PlyCount "157"]
[EventDate "2023.03.28"]
[EventType "swiss (blitz)"]
[EventRounds "11"]
[EventCountry "USA"]
[SourceTitle "EXT 2024"]
[Source "ChessBase"]
[SourceDate "2023.10.10"]
[SourceVersion "1"]
[SourceVersionDate "2023.10.10"]
[SourceQuality "1"]

1. e4 e6 2. d4 d5 3. Nc3 Be7 4. Nf3 Nf6 5. e5 Nfd7 6. Ne2 c5 7. c3 Nc6 8. Ng3 a5 9. Bd3 a4 10. 0-0 h5 11. Ne2 g5 12. Ne1 cxd4 13. cxd4 Qb6 14. Nc2 Nf8 15. f4 gxf4 16. Bxf4 Bd7 17. Rb1 h4 18. h3 Rg8 19. b4 Ng6 20. Bh2 Ncxe5 21. Bxg6 Nxg6 22. Ne3 Rc8 23. a3 Bb5 24. Rf2 Bg5 25. Nf4 Qc6 26. Rc2 Nxf4 27. Rxc6 Rxc6 28. Bxf4 Bxf4 29. Ng4 Ke7 30. Qf3 Rc1+ 31. Rxc1 Bxc1 32. Qf6+ Ke8 33. Ne5 Be3+ 34. Kh1 Rf8 35. Qxh4 f6 36. Ng6 Rf7 37. Qh8+ Kd7 38. Qb8 e5 39. Qxb7+ Ke6 40. Qxb5 Bxd4 41. Qc6+ Kf5 42. Qxd5 Kxg6 43. Qe4+ f5 44. Qd5 Rc7 45. Qd6+ Kg5 46. Qxc7 Kf4 47. Qc6 e4 48. Qc1+ Be3 49. Qf1+ Ke5 50. h4 Bh6 51. Qb5+ Kf4 52. Qf1+ Kg4 53. Kh2 Bf4+ 54. Kg1 Be3+ 55. Kh2 Bf4+ 56. Kh1 Bg3 57. Qe2+ Kxh4 58. b5 Kg5 59. b6 Kf6 60. b7 Ke6 61. Qb5 e3 62. b8Q Bxb8 63. Qxb8 Kd5 64. Qb5+ Ke4 65. Qe2 f4 66. Kh2 Kd4 67. Kh3 Ke5 68. Kg4 Ke4 69. Kg5 Ke5 70. Kg4 Ke4 71. Qf3+ Kd3 72. Qxf4 e2 73. Qd6+ Ke3 74. Qe5+ Kf2 75. Qf4+ Kxg2 76. Qf3+ Kg1 77. Qxe2 Kh1 78. Kg3 Kg1 79. Qe1# 1-0

[Event "Titled Tuesday intern op 28th Mar Early"]
[Site "Chess.com INT"]
[Date "2023.03.28"]
[Round "3"]
[White "Martinez Alcantara, Jose Eduardo"]
[Black "Rendle, Thomas E"]
[Result "1-0"]
[WhiteElo "2607"]
[BlackElo "2379"]
[PlyCount "45"]
[EventDate "2023.03.28"]
[EventType "swiss (blitz)"]
[EventRounds "11"]
[EventCountry "USA"]
[SourceTitle "EXT 2024"]
[Source "ChessBase"]
[SourceDate "2023.10.10"]
[SourceVersion "1"]
[SourceVersionDate "2023.10.10"]
[SourceQuality "1"]

1. e4 e6 2. d4 d5 3. Nd2 a6 4. c3 c5 5. Ngf3 Nf6 6. e5 Nfd7 7. Bd3 Nc6 8. 0-0 g5 9. Qe2 h5 10. dxc5 g4 11. Nd4 Ncxe5 12. b4 Bg7 13. f4 gxf3 14. N2xf3 Nxf3+ 15. Qxf3 Ne5 16. Qg3 Kf8 17. Bg5 Qc7 18. Rae1 h4 19. Qf4 b6 20. cxb6 Qxb6 21. Rxe5 Ra7 22. Bf6 Bh6 23. Rh5 1-0